| 000 | 00532cam a2200169 a 4500 | ||
|---|---|---|---|
| 001 | 000007808 | ||
| 005 | 20200929154314.0 | ||
| 008 | 741031s1972 ec 000 1 spa | ||
| 040 |
_aDO-SdBNP _cspa _cBNPHU |
||
| 082 |
_aE863.44 _bV473m |
||
| 100 | 1 |
_aVera, Pedro Jorge, _d1914- _921518 |
|
| 245 | 1 | 4 |
_aLos mandamientos de la ley de Dios / _cPedro Jorge Vera. |
| 260 |
_aQuito : _bCasa de la Cultura Ecuatoriana, _c1972. |
||
| 300 |
_a238 p. ; _c18 cm. |
||
| 650 | 4 |
_aCuentos ecuatorianos _917829 |
|
| 650 | 4 |
_aLiteratura ecuatoriana _93938 |
|
| 999 |
_c7586 _d7586 |
||